000 00447nam a2200145Ia 4500
008 211109s9999||||xx |||||||||||||| ||und||
082 _a894.8129
_bPAL-N
100 _aKunju Krishnan, Pallipattu
245 0 _aNammude Sahithyakaranmar
260 _bSAHITHYA PRVARTHAKA SANGHAM
_aKottayam
_c1956
300 _a144p.
630 _xGeneral Stack
650 _aMalayalam literature
_vliterature historyauthorsmalayalam study
_xMalayalam
942 _cBOOK
999 _c19232
_d19232